00582nam a22001817a 4500003000400000005001700004008004100021020001500062040002900077050002300106100004000129245009900169260003400268300002300302650004600325650001200371700001700383OSt20260609122520.0260608b |||||||| |||| 00| 0 eng d a0375813551 cChuka University Library aQH 541.5b.O8 2001 aOsborne, Will and Mary Pope Osborne aMagic Tree House Research Guide: Rain Forests; a fiction companion to afternoon on the Amazon aNew YorkbRandom House c2001 a119ppbIllustrated aRain Forest Ecology - Juvenile Literature aEcology aSal Murdocca